Japanese short stories for beginners : 20 captivating short stories to learn Japanese & grow your vocabulary the fun way!.
" ... In this book we have compiled 20 easy-to-read, compelling and fun stories that will allow you to expand your vocabulary and give you the tools to improve your grasp of the wonderful Japanese language."--Back cover
| Format: | Book |
|---|---|
| Language: | English Japanese |
| Published: |
[United States?] :
Lingo Mastery,
c2020.
|
| Series: | Easy Japanese stories.
|
| Subjects: | |
| Classic Catalogue: | View this record in Classic Catalogue |
| LEADER | 03483nam a22004097a 4500 | ||
|---|---|---|---|
| 001 | 45091 | ||
| 003 | BD-DhAAL | ||
| 005 | 20251119102035.0 | ||
| 008 | 251119t2020 xxua 000 0 eng d | ||
| 020 | |a 9781951949228 | ||
| 040 | |a BD-DhAAL |c BD-DhAAL | ||
| 041 | 1 | |a jpn |a eng |h jpn | |
| 082 | 0 | 4 | |a 495.686421 |2 23 |
| 245 | 0 | 0 | |a Japanese short stories for beginners : |b 20 captivating short stories to learn Japanese & grow your vocabulary the fun way!. |
| 246 | 2 | 8 | |a Japanese short stories for beginners |
| 260 | |a [United States?] : |b Lingo Mastery, |c c2020. | ||
| 300 | |a 211 pages ; |c 23 cm | ||
| 490 | 1 | |a Easy Japanese stories | |
| 505 | 0 | |a Train -- Mountaineer -- Secret -- Invention -- Childhood friends -- Elevator -- Hobby -- Hard worker -- Dream -- Crybaby -- A winter morning -- Spam emails -- Lost item -- Annoying neighbor -- Hypothesis -- Marriage -- Cousins -- Essay -- Other lives -- A black car -- Conclusion. | |
| 520 | |a " ... In this book we have compiled 20 easy-to-read, compelling and fun stories that will allow you to expand your vocabulary and give you the tools to improve your grasp of the wonderful Japanese language."--Back cover | ||
| 526 | 8 | |a CSE |x Annajiat Alim Rasel Senior Lecturer Department of Computer Science and Engineering BRAC University Course Name : Japanese Language and General for ITEE (JPN 101) | |
| 541 | 1 | |a Trim Education |e 45091, 45092, 45093, 45094 | |
| 546 | |a Text in Japanese and English. | ||
| 650 | 0 | |a Japanese language |v Readers. |9 59305 | |
| 650 | 0 | |a Short stories, Japanese. |9 59707 | |
| 650 | 0 | |a Short stories. | |
| 650 | 0 | |a Japanese language |v Vocabulary. |9 59861 | |
| 650 | 0 | |a Japanese language |x Study and teaching |x English speakers. |9 59290 | |
| 650 | 0 | |a Reading comprehension |x Study and teaching |x English speakers. |9 59862 | |
| 830 | 0 | |a Easy Japanese stories. |9 59863 | |
| 852 | 1 | |a Ayesha Abed Library |c General Stacks | |
| 942 | |c BK |2 ddc | ||
| 999 | |c 47439 |d 47439 | ||
| 952 | |0 0 |1 0 |2 ddc |4 0 |6 495_686421000000000_JAP |7 0 |9 78505 |a BRACUL |b BRACUL |c GEN |d 2025-11-04 |e Trim Education |g 1500.00 |l 0 |o 495.686421 JAP |p 3010045094 |r 2025-11-04 |t 4 |v 3000.00 |w 2025-11-04 |y BK |x Requisitioned by Annajiat Alim Rasel (Senior Lecturer, Department of Computer Science and Engineering, BRAC University) for the course named - 'Japanese Language and General for ITEE (JPN 101)' | ||
| 952 | |0 0 |1 0 |2 ddc |4 0 |6 495_686421000000000_JAP |7 0 |9 78506 |a BRACUL |b BRACUL |c GEN |d 2025-11-04 |e Trim Education |g 1500.00 |l 0 |o 495.686421 JAP |p 3010045093 |r 2025-11-04 |t 3 |v 3000.00 |w 2025-11-04 |y BK |x Requisitioned by Annajiat Alim Rasel (Senior Lecturer, Department of Computer Science and Engineering, BRAC University) for the course named - 'Japanese Language and General for ITEE (JPN 101)' | ||
| 952 | |0 0 |1 0 |2 ddc |4 0 |6 495_686421000000000_JAP |7 0 |9 78507 |a BRACUL |b BRACUL |c GEN |d 2025-11-04 |e Trim Education |g 1500.00 |l 0 |o 495.686421 JAP |p 3010045092 |r 2025-11-04 |t 2 |v 3000.00 |w 2025-11-04 |y BK |x Requisitioned by Annajiat Alim Rasel (Senior Lecturer, Department of Computer Science and Engineering, BRAC University) for the course named - 'Japanese Language and General for ITEE (JPN 101)' | ||
| 952 | |0 0 |1 0 |2 ddc |4 0 |6 495_686421000000000_JAP |7 0 |9 78508 |a BRACUL |b BRACUL |c NEW |d 2025-11-04 |e Trim Education |g 1500.00 |l 1 |o 495.686421 JAP |p 3010045091 |r 2025-11-20 |s 2025-11-20 |t 1 |v 3000.00 |w 2025-11-04 |y BK |x Requisitioned by Annajiat Alim Rasel (Senior Lecturer, Department of Computer Science and Engineering, BRAC University) for the course named - 'Japanese Language and General for ITEE (JPN 101)' | ||